Toronto - Choix multiples - Statistiques

Statistiques générales
  • Ce quiz a été pris 2 034 fois
    1 959 depuis la dernière actualisation
  • Le résultat moyen est 6 sur 10
Statistiques - réponses
Question Réponse % Correct
Dans quelle province du Canada se situe Toronto ? Ontario
91%
Quel acteur né dans la banlieue de Toronto s'est fait connaître sur les scènes locales avant de devenir Ace Ventura (1994) ou The Mask (1995) au cinéma ? Jim Carrey
87%
Quelle célèbre tour trouve-t-on à Toronto ? Tour CN
81%
Quel célèbre chanteur et rappeur originaire de la ville célèbre Toronto sur la pochette de son album Views (2016) ? Drake
77%
Laquelle de ces skyline correspond à Toronto ?
74%
Quel nom porte l'équipe locale qui joue en Ligue Nationale de Hockey (LNH/NHL) ? Maple Leafs
61%
Quel élément géographique que l'on trouve à Toronto porte ce même nom ? Un lac
60%
Quelle ville de l'agglomération de Toronto porte également le nom d'un peuple qui vivait là avant l'arivée des colons ? Mississauga
38%
Comment s'appelait Toronto avant 1834 ? York
37%
Quelle affirmation sur le multiculturalisme à Toronto est FAUSSE ? Les écoles y enseignent au minimum trois langues dès 10 ans.
25%
Aucun quiz correspondant
Distribution des résultats
% des personnes avec chaque résultat
Percentile par nombre de réponses
Votre historique - résultats
Vous n’avez pas pris ce quiz depuis la dernière actualisation